| 000 | 00668nam a2200181Ia 4500 | ||
|---|---|---|---|
| 008 | 100920s9999 xx 000 0 und d | ||
| 082 |
_b60952 _a61 थ 86 |
||
| 100 | _aबोर्डे शाम. | ||
| 245 | _aवसुंधरेचे सुपुत्र. | ||
| 260 |
_bसाहित्य प्रसार केंद्र, मुंबई. _c1986 |
||
| 300 |
_a219 _bसाधी |
||
| 365 | _b50 | ||
| 520 | _aस्थानिक वाचन. | ||
| 630 | _aवसुंधरेचे सुपुत्र. | ||
| 650 | _aस्थानिक वाचन. | ||
| 730 | _aवसुंधरेचे सुपुत्र. | ||
| 942 | _cBOOK | ||
| 999 |
_c704191 _d704188 |
||